A PRACTICAL BOOK ON PHARMACOLOGY- I (Record no. 19372)

MARC details
000 -LEADER
fixed length control field 00347nam a22001577a 4500
003 - CONTROL NUMBER IDENTIFIER
control field SGT
020 ## - INTERNATIONAL STANDARD BOOK NUMBER
International Standard Book Number 978-81-7660-350-8
082 ## - DEWEY DECIMAL CLASSIFICATION NUMBER
Classification number 615
Item number P19C
100 ## - MAIN ENTRY--PERSONAL NAME
Personal name CHOURASIA ASHISH
245 ## - TITLE STATEMENT
Title A PRACTICAL BOOK ON PHARMACOLOGY- I
250 ## - EDITION STATEMENT
Edition statement 1ST
260 ## - PUBLICATION, DISTRIBUTION, ETC. (IMPRINT)
Place of publication, distribution, etc PUNE
Name of publisher, distributor, etc EVEREST PUB
Year of Publication 2019
300 ## - PAGE DESCRIPTION
No. of Pages 88
650 ## - SUBJECT ADDED ENTRY--TOPICAL TERM
Topical term or geographic name as entry element PHARMACY
942 ## - ADDED ENTRY ELEMENTS (KOHA)
Source of classification or shelving scheme Dewey Decimal Classification
Koha item type Books
942 ## - ADDED ENTRY ELEMENTS (KOHA)
-- 4
Holdings
Withdrawn status Lost status Source of classification or shelving scheme Damaged status Not for loan Collection code Home library Current library Shelving location Date acquired Vendor Name Cost, normal purchase price Volume Information (Serial or Books or Non-Book Material) SGTU Bill Number Total Checkouts Full call number Accession No. (Barcode) Date last seen Date last borrowed Bill Date Koha item type
    Dewey Decimal Classification     PHARMACY SGT FA-FP Library SGT FA-FP Library Text Book 17/10/2019 KIRTI PRAKASHAN 102.00 1 SGTU IN4852 1 615 P19C FP3551 01/05/2025 01/05/2025 07/09/2019 Books
    Dewey Decimal Classification     PHARMACY SGT FA-FP Library SGT FA-FP Library Text Book 17/10/2019 KIRTI PRAKASHAN 102.00 1 SGTU IN4852 2 615 P19C FP3552 13/02/2020 13/02/2020 07/09/2019 Books
    Dewey Decimal Classification     PHARMACY SGT FA-FP Library SGT FA-FP Library Text Book 17/10/2019 KIRTI PRAKASHAN 102.00 1 SGTU IN4852 4 615 P19C FP3553 15/05/2025 15/05/2025 07/09/2019 Books
    Dewey Decimal Classification     PHARMACY SGT FA-FP Library SGT FA-FP Library Text Book 17/10/2019 KIRTI PRAKASHAN 102.00 1 SGTU IN4852 9 615 P19C FP3554 25/10/2025 28/08/2025 07/09/2019 Books
    Dewey Decimal Classification     PHARMACY SGT FA-FP Library SGT FA-FP Library Text Book 17/10/2019 KIRTI PRAKASHAN 102.00 1 SGTU IN4852 2 615 P19C FP3555 10/02/2021 04/02/2021 07/09/2019 Books